| 000 | 00351 a2200157 4500 | ||
|---|---|---|---|
| 001 | 61374 | ||
| 020 | _a8526216473 | ||
| 040 | _cAnchieta - Pituba | ||
| 100 | _aVerges, Glória | ||
| 240 | 1 | 0 |
_aDa pré-história ao Egito _lpor |
| 245 | 1 | 0 | _aDa pré-história ao Egito |
| 300 | _a32 | ||
| 362 | 0 | _a1996 | |
| 650 | 4 | _aLiteratura juvenil | |
| 942 | _cBK | ||
| 999 |
_c61374 _d61374 |
||